[Event "Pays de Bray 1st"]
[Site "Gournay en Bray"]
[Date "2023.05.20"]
[Round "8"]
[White "Mouhamad, Joachin"]
[Black "Roshka, Yevgeniy"]
[Result "1/2-1/2"]
[WhiteElo "2238"]
[BlackElo "2508"]
[PlyCount "119"]
[EventDate "2023.05.14"]
[EventType "tourn"]
[EventRounds "9"]
[EventCountry "FRA"]
[EventCategory "4"]
[SourceTitle "CBM 214 Extra"]
[Source "ChessBase"]
[SourceDate "2023.07.31"]
[SourceVersion "1"]
[SourceVersionDate "2023.07.31"]
[SourceQuality "1"]

1. e4 g6 2. d4 Bg7 3. Nc3 d6 4. Nf3 a6 5. Be3 b5 6. Bd3 Bb7 7. a4 b4 8. Ne2 Nd7 9. 0-0 Ngf6 10. Ng3 0-0 11. h3 c5 12. c3 c4 13. Bb1 a5 14. Qd2 b3 15. Bh6 e5 16. Nh2 Re8 17. Bxg7 Kxg7 18. Qg5 Kh8 19. Nf3 exd4 20. cxd4 Nxe4 21. Bxe4 Bxe4 22. Nxe4 Rxe4 23. Qd5 Rf4 24. Qxc4 Rb8 25. Rfe1 Kg7 26. Re3 Rb4 27. Qc6 Nf6 28. Rc1 Rb6 29. Qc4 Rb4 30. Qc6 Rf5 31. g4 Rf4 32. g5 Nd7 33. h4 h6 34. Qxd6 hxg5 35. Rc7 Qf6 36. Qxf6+ Nxf6 37. Nxg5 Nd5 38. Ne6+ Kf6 39. Nxf4 Nxc7 40. Rc3 Rxd4 41. Ne2 Rg4+ 42. Ng3 Ne6 43. Rxb3 Rxh4 44. Rf3+ Kg7 45. b3 Rb4 46. Ne2 f5 47. Rc3 Re4 48. Kf1 g5 49. Re3 Rxe3 50. fxe3 Nc5 51. Nd4 Kf6 52. Kg2 Ke5 53. Nc6+ Ke4 54. Nxa5 Kxe3 55. Nc4+ Ke2 56. a5 f4 57. Ne5 Na6 58. Ng4 Nb4 59. Nh2 Na6 60. Ng4 1/2-1/2

[Event "Pays de Bray 1st"]
[Site "Gournay en Bray"]
[Date "2023.05.17"]
[Round "5"]
[White "Roshka, Yevgeniy"]
[Black "Hoeglauer, Patrick"]
[Result "1-0"]
[WhiteElo "2508"]
[BlackElo "2280"]
[PlyCount "43"]
[EventDate "2023.05.14"]
[EventType "tourn"]
[EventRounds "9"]
[EventCountry "FRA"]
[EventCategory "4"]
[SourceTitle "CBM 214 Extra"]
[Source "ChessBase"]
[SourceDate "2023.07.31"]
[SourceVersion "1"]
[SourceVersionDate "2023.07.31"]
[SourceQuality "1"]

1. e4 c5 2. Nc3 e6 3. Nf3 Nc6 4. Bb5 Qc7 5. 0-0 a6 6. Bxc6 Qxc6 7. d4 cxd4 8. Qxd4 b5 9. Bf4 Nf6 10. Nd5 Nxd5 11. exd5 Qc4 12. dxe6 dxe6 13. Qd2 Be7 14. Bd6 Ra7 15. Ne5 Qe4 16. Rfe1 Qa8 17. Bxe7 Rxe7 18. Qg5 Kf8 19. Rad1 h6 20. Rd8+ Re8 21. Qf4 f6 22. Qb4+ 1-0

[Event "Lyon ECAM IM"]
[Site "Lyon"]
[Date "2023.04.14"]
[Round "7"]
[White "Roshka, Yevgeniy"]
[Black "Martinovici, Ilie"]
[Result "1/2-1/2"]
[WhiteElo "2505"]
[BlackElo "2423"]
[PlyCount "38"]
[EventDate "2023.04.10"]
[EventType "tourn"]
[EventRounds "9"]
[EventCountry "FRA"]
[EventCategory "5"]
[SourceTitle "CBM 213 Extra"]
[Source "ChessBase"]
[SourceDate "2023.05.31"]
[SourceVersion "1"]
[SourceVersionDate "2023.05.31"]
[SourceQuality "1"]

1. d4 d5 2. c4 c6 3. Nf3 Nf6 4. cxd5 cxd5 5. Bf4 Nc6 6. Nc3 Bf5 7. e3 e6 8. Bd3 Bxd3 9. Qxd3 Bd6 10. Bxd6 Qxd6 11. 0-0 0-0 12. Rac1 Rfc8 13. Ne2 Ne7 14. Rxc8+ Rxc8 15. Rc1 Rxc1+ 16. Nxc1 Qc6 17. Ne2 h6 18. Qc3 Qxc3 19. Nxc3 Nc6 1/2-1/2

[Event "Lyon ECAM IM"]
[Site "Lyon"]
[Date "2023.04.12"]
[Round "4"]
[White "Flear, Glenn C"]
[Black "Roshka, Yevgeniy"]
[Result "0-1"]
[WhiteElo "2400"]
[BlackElo "2505"]
[PlyCount "104"]
[EventDate "2023.04.10"]
[EventType "tourn"]
[EventRounds "9"]
[EventCountry "FRA"]
[EventCategory "5"]
[SourceTitle "CBM 213 Extra"]
[Source "ChessBase"]
[SourceDate "2023.05.31"]
[SourceVersion "1"]
[SourceVersionDate "2023.05.31"]
[SourceQuality "1"]

1. d4 g6 2. e4 Bg7 3. c4 d6 4. Nc3 e5 5. dxe5 dxe5 6. Qxd8+ Kxd8 7. f4 Nc6 8. Nf3 Be6 9. fxe5 Nxe5 10. Bg5+ f6 11. 0-0-0+ Ke8 12. Bh4 c6 13. Nxe5 fxe5 14. Rd6 Kf7 15. Be2 Bf6 16. Bg3 Ke7 17. Rhd1 Nh6 18. Na4 Bg5+ 19. Kc2 Nf7 20. R6d3 b6 21. b3 h5 22. h3 h4 23. Be1 Rad8 24. Nb2 c5 25. Bc3 Bf6 26. Rxd8 Nxd8 27. Nd3 Nc6 28. Nf2 Bg5 29. Ng4 Bf4 30. Rd3 Rf8 31. Bf3 Nd4+ 32. Bxd4 cxd4 33. Nf2 Be3 34. Nd1 Rxf3 35. gxf3 Bxh3 36. Rxe3 dxe3 37. Nxe3 Bg2 38. Kd3 Bxf3 39. Nd5+ Kd6 40. Ke3 Bd1 41. b4 h3 42. Kf2 Bc2 43. Nc3 g5 44. Kg3 g4 45. Nb5+ Kd7 46. Nxa7 Bxe4 47. Nb5 Bd3 48. Nc3 Bxc4 49. a4 Kc6 50. a5 bxa5 51. bxa5 Bd5 52. a6 Bf3 0-1

[Event "San Sebastian op 43rd"]
[Site "San Sebastian"]
[Date "2023.04.05"]
[Round "6"]
[White "Andias, Joao Pedro Menezes"]
[Black "Roshka, Yevgeniy"]
[Result "0-1"]
[WhiteElo "2068"]
[BlackElo "2505"]
[PlyCount "38"]
[EventDate "2023.04.01"]
[EventType "swiss"]
[EventRounds "9"]
[EventCountry "ESP"]
[SourceTitle "CBM 213 Extra"]
[Source "ChessBase"]
[SourceDate "2023.05.31"]
[SourceVersion "1"]
[SourceVersionDate "2023.05.31"]
[SourceQuality "1"]

1. e4 g6 2. d4 Bg7 3. Nc3 d6 4. Be3 a6 5. Qd2 Nd7 6. h4 h6 7. 0-0-0 b5 8. f3 Bb7 9. Kb1 Rc8 10. g4 Nb6 11. b3 Nf6 12. Bh3 Nfd7 13. Rh2 c5 14. g5 h5 15. dxc5 dxc5 16. Nge2 e6 17. Ng3 Qc7 18. f4 0-0 19. e5 Nxe5 0-1

[Event "San Sebastian op 43rd"]
[Site "San Sebastian"]
[Date "2023.04.02"]
[Round "3"]
[White "Roshka, Yevgeniy"]
[Black "Hernandez Sanchez, Elvis de la Caridad"]
[Result "1-0"]
[WhiteElo "2505"]
[BlackElo "2243"]
[PlyCount "109"]
[EventDate "2023.04.01"]
[EventType "swiss"]
[EventRounds "9"]
[EventCountry "ESP"]
[SourceTitle "CBM 213 Extra"]
[Source "ChessBase"]
[SourceDate "2023.05.31"]
[SourceVersion "1"]
[SourceVersionDate "2023.05.31"]
[SourceQuality "1"]

1. e4 e6 2. d3 d5 3. Nd2 Nf6 4. g3 c5 5. Ngf3 Nc6 6. Bg2 g6 7. 0-0 Bg7 8. exd5 Nxd5 9. Nb3 Qd6 10. c4 Nde7 11. Be3 Nd4 12. Ng5 f5 13. Bxd4 Bxd4 14. Nxd4 Qxd4 15. Re1 Qf6 16. Qd2 h6 17. Nf3 Nc6 18. Qe3 Nd4 19. Qe5 0-0 20. Qxf6 Rxf6 21. Re5 Bd7 22. Rxc5 Nc6 23. Ne5 Nxe5 24. Rxe5 Rf7 25. b3 Rb8 26. d4 Kg7 27. Rae1 Kf6 28. Ra5 a6 29. Rae5 g5 30. Bf3 g4 31. Bg2 b6 32. c5 bxc5 33. dxc5 Rb5 34. Bf1 Ra5 35. a4 Bc8 36. Bc4 Re7 37. Kf1 h5 38. R1e3 Rc7 39. Bxe6 Raxc5 40. Rxc5 Rxc5 41. Bc4 a5 42. Ke2 Rc6 43. Kd2 Rd6+ 44. Kc2 Bb7 45. Bd3 Bf3 46. Re8 Rd5 47. Kc3 Re5 48. Rxe5 Kxe5 49. b4 axb4+ 50. Kxb4 f4 51. Kc5 fxg3 52. fxg3 Bb7 53. a5 Ba8 54. a6 Ke6 55. Bb5 1-0

[Event "San Sebastian op 43rd"]
[Site "San Sebastian"]
[Date "2023.04.02"]
[Round "2"]
[White "Torres Ganuza, Francisco Javier"]
[Black "Roshka, Yevgeniy"]
[Result "0-1"]
[WhiteElo "2025"]
[BlackElo "2505"]
[PlyCount "70"]
[EventDate "2023.04.01"]
[EventType "swiss"]
[EventRounds "9"]
[EventCountry "ESP"]
[SourceTitle "CBM 213 Extra"]
[Source "ChessBase"]
[SourceDate "2023.05.31"]
[SourceVersion "1"]
[SourceVersionDate "2023.05.31"]
[SourceQuality "1"]

1. d4 g6 2. c4 Bg7 3. e4 d6 4. d5 e5 5. dxe6 Bxe6 6. Nf3 Nc6 7. Be2 Nf6 8. Nc3 h6 9. h3 Nd7 10. Be3 Nde5 11. Nxe5 dxe5 12. 0-0 Nd4 13. f4 exf4 14. Bxf4 Nxe2+ 15. Qxe2 Qd4+ 16. Be3 Qxc4 17. Qf2 0-0 18. Rac1 c6 19. b3 Qa6 20. Na4 b6 21. Rxc6 Qd3 22. Qf3 Rac8 23. Rxc8 Rxc8 24. Rd1 Qc2 25. Rd2 Qb1+ 26. Kh2 Kh7 27. Bf4 g5 28. Bd6 Rc1 29. g3 g4 30. hxg4 Bxg4 31. Qg2 Rf1 32. Rf2 Rxf2 33. Qxf2 Qxe4 34. Bb8 Bf3 35. Nb2 Qg4 0-1

[Event "Vienna"]
[Site "Vienna"]
[Date "2023.02.10"]
[Round "5"]
[White "Roshka, Yevgeniy"]
[Black "Pajeken, Jakob Leon"]
[Result "1/2-1/2"]
[WhiteElo "2503"]
[BlackElo "2460"]
[PlyCount "65"]
[EventDate "2023.02.07"]
[EventType "tourn"]
[EventRounds "9"]
[EventCountry "AUT"]
[EventCategory "9"]
[SourceTitle "CBM 212 Extra"]
[Source "ChessBase"]
[SourceDate "2023.03.31"]
[SourceVersion "1"]
[SourceVersionDate "2023.03.31"]
[SourceQuality "1"]

1. d4 d5 2. c4 e6 3. cxd5 exd5 4. Nc3 c6 5. Nf3 Bd6 6. Bg5 Ne7 7. e3 Bf5 8. Nh4 Be6 9. Bd3 h6 10. Bf4 g5 11. Bxd6 Qxd6 12. Nf3 Nd7 13. Qc2 0-0-0 14. h3 Kb8 15. 0-0-0 f5 16. h4 g4 17. Ng1 f4 18. Nge2 fxe3 19. fxe3 Rhf8 20. Rdf1 Nb6 21. Kb1 Qd7 22. Ng3 Nbc8 23. Rf2 Nd6 24. Rhf1 Qc8 25. Rf6 Ng8 26. R6f4 Rfe8 27. Qf2 b5 28. Nh5 Qc7 29. Bg6 Re7 30. Rf8 Bf7 31. Rxd8+ Qxd8 32. Bxf7 Rxf7 33. Nf4 1/2-1/2